Statistics for Harry Potter Characters

Click here to take the quiz!

General Stats

  • This quiz has been taken 24 times
  • The average score is 7 of 8

Answer Stats

Answer% Correct
Harry Potter
100%
Albus Dumbledore
95%
Draco Malfoy
95%
Rubeus Hagrid
95%
Ginny Weasley
91%
Hermione Granger
91%
Ronald Weasley
91%
Nevil Longbottom
50%

Score Distribution

Percentile by Number Answered

Percent of People with Each Score

Your Score History

You have not taken this quiz